000 00532nam a2200169 i 4500
001 75955
003 ES-MaACL
005 20230906172652.0
007 t|
008 040928s1965 sp ||||1| spa d
100 1 _aGrzimek, Bernhard.
_960263
245 1 3 _aEl último paraíso de los animales salvajes /
_cBernhand Grzimek ; [versión por Luis Correal Cubells].
260 _aBarcelona :
_bLabor,
_c1965.
300 _a198 p., 34 lám ;
_c20 cm.
700 1 _aCorreal Cubells, Luis.
_940764
852 _aES-MaACL
_jC-50917
_bR.72637
999 _c75955
_d75955